Classement des clubs de foot européen été 2023 - Statistiques

Statistiques générales
  • Ce quiz a été pris 1 272 fois
  • Le résultat moyen est 21 sur 30
Statistiques - réponses
Classement Clubs Pays Points % Correct
1 Real Madrid CF ESP 2407
98%
2 BAYERN MÜNCHEN GER 1859
95%
3 LIVERPOOL FC ENG 1803
90%
5 Barcelona ESP 1786
89%
9 Paris Saint Germain FRA 1351
89%
6 Manchester City ENG 1781
87%
7 Manchester United ENG 1562
85%
8 Atletico de Madrid ESP 1496
83%
4 CHELSEA FC ENG 1792
83%
12 Juventus ITA 1159
82%
13 Porto POR 1121
81%
15 Borussia Dortmund GER 1040
80%
14 Benfica POR 1064
79%
17 Internazionale ITA 1018
78%
22 Ajax Amsterdam NED 819
72%
30 Olympique de Marseille FRA 594
72%
10 Sevilla CF ESP 1293
72%
18 Arsenal FC ENG 974
66%
23 Milan AC ITA 802
66%
21 Napoli ITA 863
62%
16 Tottenham Hotspur FC ENG 1020
61%
19 Roma ITA 948
60%
28 Sporting Club Portugal POR 639
60%
20 Leipzig GER 873
57%
27 Bayer Leverkusen GER 667
54%
24 Olympique Lyonnais FRA 799
54%
11 Villarreal CF ESP 1195
52%
29 Lazio ITA 600
48%
25 Shakhtar Donetsk UKR 761
47%
26 Frankfurt GER 728
16%
Aucun quiz correspondant
Distribution des résultats
% des personnes avec chaque résultat
Percentile par nombre de réponses
Votre historique - résultats
Vous n’avez pas pris ce quiz